| 000 | 00400nam a22001457a 4500 | ||
|---|---|---|---|
| 005 | 20190910144826.0 | ||
| 008 | 190910b xxu||||| |||| 00| 0 eng d | ||
| 020 | _a81-86270-57-4 | ||
| 041 | _aeng | ||
| 100 |
_aSIDDIQUI, DR. ANEES AHMAD AND SIDDIQUI, SEEMI _95067 |
||
| 245 | _aHEALTH EDUCATION AND COMMUNITY PHARMACY | ||
| 260 |
_aDELHI _bBIRLA PUBLICATION PVT. LTD |
||
| 300 | _a200p, | ||
| 942 | _cBK | ||
| 999 |
_c5972 _d5970 |
||